1293 1930 1551 1538 1924 1660 1496 1555 1373 1166 1906 1824 1596 1259 1546 1631 1912 1869 1172 1443 1171 1232 1802 1540 1408 1946 1022 1084 1594 1910 1889 1979 1099 1263 1254 1367 1808 1092 1388 1785 1338 1109 1498 1979 1539 1231 1427 1227 1057 1799 1195 1738 1767 1613 1464 1952 1126 1162 1255 1716 1028 1222 1157 1983 1940 1528 1948 1138 1096 1869 1149 1362 1881 1901 1665 1932 1564 1148 1603 1937 1912 1677 1730 1574 1567 1386 1262 1993 1272 1280 1510 1630 1364 1796 1910 1509 1197 1681 1001 BCNSPRNW ULIB Ver.6.0+V

เปลี่ยนเป็นภาษาไทย

Change to English
 แสดงรายละเอียดบรรณานุกรม
  กลับหน้าหลัก

Brief Record : Get Marc (ISO 2709) : E-mail record : QR code < ปิดหน้าต่าง
LEADER : 00000nam 2200000uu 4500
001    13399114569
003     ULIB
008    120418s2550||||th 000 0 tha d
020    ^a974993105X
050  4 ^aBQ4190^bว111ค 2550
100 0  ^aว.วชิรเมธี
245 10 ^aธรรมะทำไม /^cว.วชิรเมธี
250    ^aพิมพ์ครั้งที่ 13
260    ^aกรุงเทพฯ :^bอมรินทร์ธรรมะ,^c2550
300    ^a 239 หน้า :^bภาพประกอบ ;^c16 ซม.
440  0 ^aธรรมะประยุกต์สำหรับคนรุ่นใหม่ ;^vลำดับที่ 12
650  7 ^aธรรมะ (พุทธศาสนา)
945    ^p145^l0^i14476
995    ^aกัณชพร
999    ^aใช้งานได้ทุกระบบ
รายการนี้ยังไม่มีแท็ก
คุณยังไม่ได้ล็อกอิน คุณสามารถมีกิจกรรมร่วมกับเว็บไซต์ได้ แต่ต้องล็อกอินก่อน ::
  ล็อกอิน

รายการสื่อสารสนเทศ

ลำดับที่ ประเภท เลขเรียก/บาร์โค้ด สถานที่ สถานะ
1. วิทยาศาสตร์การแพทย์ และสุขภาพ
วิทยาศาสตร์การแพทย์ และสุขภาพ
BQ4190 ว111ค 2550  
  Barcode: 14476
ห้องสมุดวิทยาเขตสวรรค์ประชารักษ์
►ส่วนจัดเก็บหนังสือเก่า สปร
บนชั้น
  ขอยืม

รายการใกล้เคียง
    ผู้แต่ง [ว.วชิรเมธี]

    หัวเรื่อง [ธรรมะ (พุทธศาสนา)]

BibComment


ยังไม่เคยถูกคอมเมนท์

คอมเมนท์ทรัพยากรรายการนี้
  คอมเมนท์: ธรรมะทำไม ววชิร..


 Copyright 2026. Bcnsprnw @Library